• 首页
  • 本馆介绍
  • 公告通知
  • 最新文献
  • 馆藏检索
  • 电子资源
  • 读者导购
  • 参考咨询
  • 我的图书馆
  • 登录
  • 详细信息显示
  • 放入我的书架
  • 预约/预借图书
  • 作者相关作品
  • 分类相关作品
  • 丛书相关作品
  • 出版社相关作品

书目信息

  • 表格格式
  • 工作单格式
  • 卡片格式
题名:
测试信号处理与分析
    
 
作者: 朱明武 , 李永新 , 卜雄洙 编著
分册:  
出版信息: 北京   北京航空航天大学出版社  2006
页数: 280页
开本: 23cm
丛书名:
单 册:
中图分类: TM930.1
科图分类:
主题词: 测试--信号处理--教材 , 测试--信号分析--教材 , 测试 , 信号处理 , 信号分析
电子资源:
ISBN: 7-81077-923-0
000 01127nam0 2200325 450
001 003538162
005 20080229101936.54
010    @a7-81077-923-0@dCNY30.00
035    @a003538162
100    @a20070327d2006 em y0chiy0110 ea
101 0  @achi
102    @aCN@b110000
105    @ay z 000yy
106    @ar
200 1  @a测试信号处理与分析@Ace shi xin hao chu li yu fen xi@f朱明武,李永新,卜雄洙编著
210    @a北京@c北京航空航天大学出版社@d2006
215    @a280页@d23cm
300    @a国防科工委“十五”规划教材 仪器科学与技术
330    @a本书主要针对测控技术与仪器专业课程体系的特点进行内容选择和编写;强调理论与实际技能并重、时域分析与频域分析并重、模拟信号处理与数字信号处理相结合,并在以经典处理方法为主的条件下适当介绍现代处理方法。
606 0  @a测试@x信号处理@j教材
606 0  @a测试@x信号分析@j教材
606 0  @a测试
606 0  @a信号处理
606 0  @a信号分析
690    @aTM930.1@v4
701  0 @a朱明武@Azhu ming wu@4编著
701  0 @a李永新@Ali yong xin@f(1962.12~)@4编著
701  0 @a卜雄洙@Abu xiong zhu@f(1966.3~)@4编著
801  0 @aCN@bNLC@c20080229
905    @dTM930.1@e87@f4
    
    测试信号处理与分析/朱明武,李永新,卜雄洙编著.-北京:北京航空航天大学出版社,2006
    280页;23cm
    国防科工委“十五”规划教材 仪器科学与技术
    
    ISBN 7-81077-923-0:CNY30.00
    本书主要针对测控技术与仪器专业课程体系的特点进行内容选择和编写;强调理论与实际技能并重、时域分析与频域分析并重、模拟信号处理与数字信号处理相结合,并在以经典处理方法为主的条件下适当介绍现代处理方法。
●
相关链接 在E读中查询图书 在五车中查询图书 在当当中查询图书 在豆瓣中查询图书


正题名:测试信号处理与分析     索取号:TM930.1/87         预约/预借

序号 登录号 条形码 馆藏地/架位号 状态 备注
1 0793078   207930783   第二样本阅览室/ [索取号:TM930.1/87] 在馆    
2 0793079   207930792   第三借阅区/ [索取号:TM930.1/87] 在馆    
3 0793080   207930809   第三借阅区/ [索取号:TM930.1/87] 在馆    
4 0793081   207930818   第三借阅区/ [索取号:TM930.1/87] 在馆    
唐山师范学院图书馆 欢迎您!
大连网信软件有限公司© 版权所有